00451 2200193 4500001002100000005001500021035002000036245002700056100001700083250000600100300002900106700001600135260003400151082001400185084002000199020002200219990000800241990000800249INLIS00000000000004220181212085937 a0010-12180000361 aMisteri Sebuah Lukisan0 aRasyid Akbar a1 a112 :bIllust ;c20,5 cm0 aDede Aragil aJakarta :bZikrul Kids,c2011 a899.221'3 a899.221'3 RAS m a978 979 063 685 9 a039 a039